[Event "Teteven op 30th"]
[Site "Teteven"]
[Date "2015.08.10"]
[Round "1"]
[White "Koleva, Djuliana"]
[Black "Todorov, Momchil"]
[Result "0-1"]
[WhiteElo "1700"]
[BlackElo "2294"]
[PlyCount "44"]
[EventDate "2015.08.10"]
[EventType "swiss"]
[EventRounds "9"]
[EventCountry "BUL"]
[SourceTitle "CBM 167 Extra"]
[Source "ChessBase"]
[SourceDate "2015.09.14"]
[SourceVersion "1"]
[SourceVersionDate "2015.09.14"]
[SourceQuality "1"]

1. e4 c5 2. Nf3 e6 3. c3 Nf6 4. e5 Nd5 5. d4 cxd4 6. Qxd4 Nc6 7. Qe4 f5 8. exf6 Nxf6 9. Qc2 d5 10. Bd3 e5 11. Bb5 Bd6 12. 0-0 0-0 13. Bg5 e4 14. Bxc6 bxc6 15. Nd4 Bxh2+ 16. Kh1 Bc7 17. g3 Qe8 18. Kg2 c5 19. Ne2 Qh5 20. Bxf6 Qf3+ 21. Kh2 Rxf6 22. Nf4 Rh6+ 0-1

[Event "BUL-chT2"]
[Site "Sunny Beach"]
[Date "2014.09.24"]
[Round "6.3"]
[White "Todorov, Momchil"]
[Black "Badev, Kiril"]
[Result "0-1"]
[WhiteElo "2281"]
[BlackElo "2322"]
[PlyCount "68"]
[EventDate "2014.09.19"]
[EventType "team-swiss"]
[EventRounds "7"]
[EventCountry "BUL"]
[SourceTitle "EXT 2015"]
[Source "ChessBase"]
[SourceDate "2014.11.20"]
[SourceVersion "1"]
[SourceVersionDate "2014.11.20"]
[SourceQuality "1"]
[WhiteTeam "Sofia Slavia"]
[BlackTeam "Radnevo Maritsa Iztok"]
[WhiteTeamCountry "BUL"]
[BlackTeamCountry "BUL"]

1. d4 e6 2. c4 d5 3. Nc3 c6 4. Nf3 f5 5. Bf4 Nf6 6. e3 Bd6 7. Bd3 0-0 8. 0-0 Bxf4 9. exf4 dxc4 10. Bxc4 Nd5 11. g3 Rf6 12. Re1 Nd7 13. Rc1 Nf8 14. a3 Bd7 15. Ba2 Be8 16. Ne5 Rh6 17. Nxd5 cxd5 18. Rc3 Nd7 19. Qc2 Nxe5 20. Rxe5 Bc6 21. Rc5 g5 22. fxg5 Qxg5 23. Qe2 Qf6 24. f4 Kh8 25. b4 a6 26. Bb3 Bb5 27. Qe3 Rg8 28. Rc2 Rhg6 29. a4 Bd7 30. Rc7 Bc6 31. b5 axb5 32. axb5 Qd8 33. b6 Qh4 34. Qf2 Rxg3+ 0-1

[Event "Teteven op 29th"]
[Site "Teteven"]
[Date "2014.08.16"]
[Round "8"]
[White "Filev, Georgi"]
[Black "Todorov, Momchil"]
[Result "1/2-1/2"]
[WhiteElo "2323"]
[BlackElo "2241"]
[PlyCount "45"]
[EventDate "2014.08.09"]
[EventType "swiss"]
[EventRounds "9"]
[EventCountry "BUL"]
[SourceTitle "CBM 162 Extra"]
[Source "ChessBase"]
[SourceDate "2014.10.17"]
[SourceVersion "1"]
[SourceVersionDate "2014.10.17"]
[SourceQuality "1"]

1. e4 e5 2. Nf3 Nc6 3. Bb5 a6 4. Ba4 Nf6 5. 0-0 Be7 6. Re1 b5 7. Bb3 0-0 8. c3 d5 9. exd5 Nxd5 10. Nxe5 Nxe5 11. Rxe5 c6 12. d4 Bd6 13. Re1 Qh4 14. g3 Qh3 15. Be3 Bg4 16. Qd3 Rae8 17. Nd2 f5 18. Qf1 Qh5 19. f4 g5 20. Qg2 gxf4 21. Bxd5+ cxd5 22. Qxd5+ Kg7 23. Bxf4 1/2-1/2

[Event "Teteven op 29th"]
[Site "Teteven"]
[Date "2014.08.12"]
[Round "4"]
[White "Schmidek, Emil"]
[Black "Todorov, Momchil"]
[Result "0-1"]
[WhiteElo "2049"]
[BlackElo "2241"]
[PlyCount "110"]
[EventDate "2014.08.09"]
[EventType "swiss"]
[EventRounds "9"]
[EventCountry "BUL"]
[SourceTitle "CBM 162 Extra"]
[Source "ChessBase"]
[SourceDate "2014.10.17"]
[SourceVersion "1"]
[SourceVersionDate "2014.10.17"]
[SourceQuality "1"]

1. e4 c5 2. Nf3 e6 3. d4 cxd4 4. Nxd4 Nc6 5. Nc3 Qc7 6. f4 a6 7. Be2 b5 8. Nxc6 Qxc6 9. Bf3 Bb7 10. Be3 Rc8 11. 0-0 Bc5 12. Bxc5 Qxc5+ 13. Kh1 b4 14. Na4 Qxc2 15. Qd4 Nf6 16. Qxb4 Bxe4 17. Nc3 Bxf3 18. gxf3 Qf5 19. Rac1 Rd8 20. Ne4 Nxe4 21. fxe4 a5 22. exf5 axb4 23. Rg1 0-0 24. f6 g6 25. Rc7 d5 26. Rgc1 Ra8 27. Rb7 Rxa2 28. Rxb4 Ra7 29. Rb6 h6 30. b4 Rd8 31. Rc3 Kh7 32. h4 g5 33. hxg5 hxg5 34. fxg5 Kg6 35. Rg3 d4 36. Rc6 d3 37. Rc1 Rb7 38. Rg4 Rb5 39. Rh4 Kxg5 40. Rh7 d2 41. Rd1 Kxf6 42. Rh6+ Ke7 43. Rh2 Rxb4 44. Rhxd2 Rxd2 45. Rxd2 Rg4 46. Kh2 f5 47. Kh3 e5 48. Ra2 Kf6 49. Ra6+ Kg5 50. Ra8 Kf4 51. Kh2 e4 52. Ra4 Kf3 53. Ra5 f4 54. Kh3 Rg7 55. Ra1 Rh7# 0-1

[Event "Teteven op 29th"]
[Site "Teteven"]
[Date "2014.08.11"]
[Round "3"]
[White "Todorov, Momchil"]
[Black "Hristov, Petar"]
[Result "1-0"]
[WhiteElo "2241"]
[BlackElo "1999"]
[PlyCount "57"]
[EventDate "2014.08.09"]
[EventType "swiss"]
[EventRounds "9"]
[EventCountry "BUL"]
[SourceTitle "CBM 162 Extra"]
[Source "ChessBase"]
[SourceDate "2014.10.17"]
[SourceVersion "1"]
[SourceVersionDate "2014.10.17"]
[SourceQuality "1"]

1. d4 Nf6 2. c4 e6 3. Nc3 Bb4 4. e3 c5 5. Nge2 Ne4 6. Qc2 Nxc3 7. Nxc3 d6 8. a3 Ba5 9. dxc5 dxc5 10. Bd3 Nc6 11. 0-0 Bxc3 12. Qxc3 Qf6 13. Qc2 Bd7 14. Bd2 e5 15. b4 Ne7 16. Bc3 Qe6 17. f4 f6 18. Rf2 0-0-0 19. fxe5 fxe5 20. Raf1 Be8 21. Be2 Bg6 22. Qb2 Rhe8 23. bxc5 Nc6 24. Bf3 e4 25. Be2 Ne5 26. Rb1 Re7 27. c6 Nxc6 28. Bxg7 Rf7 29. Bg4 1-0

[Event "BUL-chT GpB 63rd"]
[Site "Sunny Beach"]
[Date "2013.09.22"]
[Round "5.3"]
[White "Todorov, Momchil"]
[Black "Mladenov, Emil"]
[Result "1-0"]
[WhiteElo "2230"]
[BlackElo "2077"]
[PlyCount "41"]
[EventDate "2013.09.19"]
[EventType "team-tourn"]
[EventRounds "9"]
[EventCountry "BUL"]
[SourceTitle "CBM 156 Extra"]
[Source "ChessBase"]
[SourceDate "2013.10.22"]
[SourceVersion "1"]
[SourceVersionDate "2013.10.22"]
[SourceQuality "1"]
[WhiteTeam "Sofia Slavia"]
[BlackTeam "Slivnitsa Geroy"]
[WhiteTeamCountry "BUL"]
[BlackTeamCountry "BUL"]

1. d4 g6 2. e4 d5 3. exd5 Qxd5 4. Nc3 Qd8 5. Bf4 Bg7 6. Qd2 c6 7. 0-0-0 e6 8. Ne4 Nf6 9. Nd6+ Kf8 10. Nf3 h6 11. Ne5 Qxd6 12. Nxg6+ fxg6 13. Bxd6+ Kf7 14. Bd3 Rd8 15. Bc7 Rg8 16. g4 Nd5 17. Bxb8 Rxb8 18. c4 Nf6 19. g5 hxg5 20. Qxg5 Bd7 21. Bxg6+ 1-0

[Event "BUL-chT GpB 63rd"]
[Site "Sunny Beach"]
[Date "2013.09.20"]
[Round "3.3"]
[White "Vutov, M Mario"]
[Black "Todorov, Momchil"]
[Result "1/2-1/2"]
[WhiteElo "2324"]
[BlackElo "2230"]
[PlyCount "55"]
[EventDate "2013.09.19"]
[EventType "team-tourn"]
[EventRounds "9"]
[EventCountry "BUL"]
[SourceTitle "CBM 156 Extra"]
[Source "ChessBase"]
[SourceDate "2013.10.22"]
[SourceVersion "1"]
[SourceVersionDate "2013.10.22"]
[SourceQuality "1"]
[WhiteTeam "Blagoevgrad Victory"]
[BlackTeam "Sofia Slavia"]
[WhiteTeamCountry "BUL"]
[BlackTeamCountry "BUL"]

1. e4 c5 2. Nf3 e6 3. d4 cxd4 4. Nxd4 Nc6 5. Nc3 Qc7 6. Be2 a6 7. 0-0 Nf6 8. Kh1 Nxd4 9. Qxd4 Bc5 10. Qd3 b5 11. f4 h5 12. Bf3 Bb7 13. e5 Ng4 14. Ne4 Rb8 15. Nxc5 Qxc5 16. Qe2 Bxf3 17. Rxf3 Rc8 18. c3 0-0 19. h3 Nh6 20. Rd3 h4 21. Be3 Qc4 22. Qd2 Nf5 23. Bf2 Rc7 24. b3 Qc6 25. Qe1 g6 26. Bxh4 Nxh4 27. Qxh4 Qe4 28. Qg3 1/2-1/2

[Event "BUL-chT-B 62nd"]
[Site "Sunny Beach"]
[Date "2012.09.25"]
[Round "7.4"]
[White "Petrov, Valeri"]
[Black "Todorov, Momchil"]
[Result "0-1"]
[WhiteElo "1987"]
[BlackElo "2228"]
[PlyCount "64"]
[EventDate "2012.09.19"]
[EventType "team-swiss"]
[EventRounds "7"]
[EventCountry "BUL"]
[SourceTitle "CBM 150 Extra"]
[Source "ChessBase"]
[SourceDate "2012.10.19"]
[SourceVersion "1"]
[SourceVersionDate "2012.10.19"]
[SourceQuality "1"]
[WhiteTeam "Slivnitsa Geroy"]
[BlackTeam "Sofia Slavia"]
[WhiteTeamCountry "BUL"]
[BlackTeamCountry "BUL"]

1. e4 c5 2. Nf3 e6 3. d4 cxd4 4. Nxd4 Nc6 5. Nc3 Qc7 6. Be2 a6 7. 0-0 Nf6 8. a3 Be7 9. g3 0-0 10. Bf4 e5 11. Nxc6 dxc6 12. Be3 Bh3 13. Re1 Rfd8 14. Qc1 b5 15. Bf1 Bxf1 16. Rxf1 Rd7 17. Rd1 Rad8 18. Rxd7 Qxd7 19. Qf1 Qe6 20. Rd1 h6 21. f3 Rd6 22. Kg2 Nd7 23. Qf2 Kf8 24. Rxd6 Bxd6 25. f4 b4 26. axb4 Bxb4 27. f5 Qc4 28. Qe2 Qxe2+ 29. Nxe2 Ke7 30. g4 Kd6 31. h4 Be1 32. h5 f6 0-1

[Event "BUL-chT-B 62nd"]
[Site "Sunny Beach"]
[Date "2012.09.19"]
[Round "1.3"]
[White "Todorov, Momchil"]
[Black "Andreev, Stanislav"]
[Result "1-0"]
[WhiteElo "2228"]
[BlackElo "2167"]
[PlyCount "43"]
[EventDate "2012.09.19"]
[EventType "team-swiss"]
[EventRounds "7"]
[EventCountry "BUL"]
[SourceTitle "CBM 150 Extra"]
[Source "ChessBase"]
[SourceDate "2012.10.19"]
[SourceVersion "1"]
[SourceVersionDate "2012.10.19"]
[SourceQuality "1"]
[WhiteTeam "Sofia Slavia"]
[BlackTeam "Sofia CSKA"]
[WhiteTeamCountry "BUL"]
[BlackTeamCountry "BUL"]

1. e4 c6 2. d4 d5 3. Nc3 g6 4. h3 Bg7 5. Nf3 Nh6 6. Bd3 f6 7. Qe2 Nf7 8. 0-0 0-0 9. e5 fxe5 10. dxe5 e6 11. Bf4 c5 12. b3 a6 13. Rae1 Nc6 14. Na4 b6 15. c4 Qc7 16. cxd5 exd5 17. e6 Qxf4 18. exf7+ Qxf7 19. Nxb6 Bxh3 20. Ng5 Nd4 21. Nxf7 Nxe2+ 22. Bxe2 1-0

[Event "Plovdiv Tringov Memorial 34th"]
[Site "Plovdiv"]
[Date "2012.02.02"]
[Round "6"]
[White "Todorov, Momchil"]
[Black "Ristic, Nenad"]
[Result "1/2-1/2"]
[WhiteElo "2226"]
[BlackElo "2427"]
[PlyCount "87"]
[EventDate "2012.01.29"]
[EventType "swiss"]
[EventRounds "9"]
[EventCountry "BUL"]
[SourceTitle "CBM 146 Extra"]
[Source "ChessBase"]
[SourceDate "2012.02.29"]
[SourceVersion "1"]
[SourceVersionDate "2012.02.29"]
[SourceQuality "1"]

1. d4 Nf6 2. Nf3 g6 3. c4 Bg7 4. Nc3 d5 5. Bf4 0-0 6. e3 c5 7. dxc5 Qa5 8. Rc1 dxc4 9. Bxc4 Qxc5 10. Bb3 Nc6 11. 0-0 Qh5 12. h3 Rd8 13. Qc2 e5 14. Bg3 Bxh3 15. Nxe5 Bxg2 16. Bxf7+ Kf8 17. Kxg2 Nxe5 18. Be6 Qf3+ 19. Kh3 Ke7 20. Bb3 Nd3 21. Rcd1 Nh5 22. Rxd3 Rxd3 23. Ne2 Nxg3 24. Qc5+ Rd6 25. Nxg3 Qc6 26. Qg5+ Kf8 27. f4 Rd2 28. e4 Qf6 29. e5 Qxg5 30. fxg5+ Ke8 31. e6 Be5 32. Ne4 Rxb2 33. Nf6+ Ke7 34. Nd5+ Kd6 35. e7 Re8 36. Rf8 h5 37. gxh6 Kd7 38. h7 b5 39. Nf6+ Bxf6 40. Rxf6 Rb1 41. Kg2 Rb2+ 42. Kg3 Rxb3+ 43. axb3 Kxe7 44. Rxg6 1/2-1/2

[Event "Plovdiv Tringov Memorial 34th"]
[Site "Plovdiv"]
[Date "2012.01.31"]
[Round "4"]
[White "Todorov, Momchil"]
[Black "Popchev, Milko"]
[Result "0-1"]
[WhiteElo "2226"]
[BlackElo "2463"]
[PlyCount "75"]
[EventDate "2012.01.29"]
[EventType "swiss"]
[EventRounds "9"]
[EventCountry "BUL"]
[SourceTitle "CBM 146 Extra"]
[Source "ChessBase"]
[SourceDate "2012.02.29"]
[SourceVersion "1"]
[SourceVersionDate "2012.02.29"]
[SourceQuality "1"]

1. e4 g6 2. d4 Bg7 3. Nc3 c6 4. f4 d5 5. e5 h5 6. Be3 Nh6 7. Nf3 b6 8. h3 e6 9. Bd3 Ba6 10. 0-0 Bxd3 11. Qxd3 Bf8 12. Ne2 h4 13. c4 Nf5 14. Bf2 Be7 15. Rac1 Kf8 16. cxd5 cxd5 17. Rc2 Kg7 18. Rfc1 a5 19. a3 Ra7 20. Nh2 Rb7 21. Nc3 Nc6 22. Nb5 Na7 23. Nxa7 Rxa7 24. Rc6 Qd7 25. Rxb6 Rc8 26. Rxc8 Qxc8 27. Nf1 Qc1 28. Be3 Qa1 29. Kh2 Rc7 30. Bd2 Qd1 31. Rb3 a4 32. Ba5 Rc1 33. Qxd1 Rxd1 34. Rf3 Nxd4 35. Rf2 Nf5 36. Bb6 Rb1 37. g4 hxg3+ 38. Nxg3 0-1

[Event "BUL-chT2"]
[Site "Albena"]
[Date "2011.06.07"]
[Round "8.5"]
[White "Todorov, Momchil"]
[Black "Yotov, Yoto"]
[Result "1/2-1/2"]
[WhiteElo "2212"]
[BlackElo "2026"]
[PlyCount "86"]
[EventDate "2011.06.02"]
[EventType "team-tourn"]
[EventRounds "9"]
[EventCountry "BUL"]
[SourceTitle "CBM 142 Extra"]
[Source "ChessBase"]
[SourceDate "2011.06.27"]
[SourceVersion "1"]
[SourceVersionDate "2011.06.27"]
[SourceQuality "1"]
[WhiteTeam "Sofia Slavia"]
[BlackTeam "Lovech"]
[WhiteTeamCountry "BUL"]
[BlackTeamCountry "BUL"]

1. e4 c6 2. d4 d5 3. Nc3 dxe4 4. Nxe4 Bf5 5. Ng3 Bg6 6. Nf3 Nd7 7. h4 h6 8. h5 Bh7 9. Bd3 Bxd3 10. Qxd3 e6 11. Bd2 Ngf6 12. 0-0-0 Be7 13. Ne4 Nxe4 14. Qxe4 Nf6 15. Qe2 Qd5 16. c4 Qe4 17. Rde1 Qxe2 18. Rxe2 0-0 19. Ne5 Rad8 20. Bc3 Rfe8 21. g4 Bd6 22. f4 Bxe5 23. dxe5 Nh7 24. Rd2 Rxd2 25. Kxd2 f6 26. Ke3 Rd8 27. a4 Kf7 28. Rg1 Rd7 29. Bd4 a6 30. b4 fxe5 31. Bxe5 Nf6 32. a5 Rd8 33. Bd4 Rd7 34. Rg2 Rd8 35. Bxf6 Kxf6 36. Rd2 Rxd2 37. Kxd2 e5 38. Ke3 exf4+ 39. Kxf4 g6 40. hxg6 Kxg6 41. Kf3 Kf6 42. Kf4 Kg6 43. Kf3 Kf6 1/2-1/2

[Event "BUL-chT2"]
[Site "Albena"]
[Date "2011.06.06"]
[Round "7.2"]
[White "Genov, Petko"]
[Black "Todorov, Momchil"]
[Result "1/2-1/2"]
[WhiteElo "2321"]
[BlackElo "2212"]
[PlyCount "60"]
[EventDate "2011.06.02"]
[EventType "team-tourn"]
[EventRounds "9"]
[EventCountry "BUL"]
[SourceTitle "CBM 142 Extra"]
[Source "ChessBase"]
[SourceDate "2011.06.27"]
[SourceVersion "1"]
[SourceVersionDate "2011.06.27"]
[SourceQuality "1"]
[WhiteTeam "Vratsa"]
[BlackTeam "Sofia Slavia"]
[WhiteTeamCountry "BUL"]
[BlackTeamCountry "BUL"]

1. d4 Nf6 2. Nf3 g6 3. c4 Bg7 4. Nc3 d5 5. cxd5 Nxd5 6. e4 Nxc3 7. bxc3 c5 8. Rb1 0-0 9. Be2 cxd4 10. cxd4 Qa5+ 11. Bd2 Qxa2 12. 0-0 Bg4 13. Bg5 h6 14. Be3 Nc6 15. d5 Bxf3 16. gxf3 Nd4 17. Re1 Nxe2+ 18. Rxe2 Qa6 19. Rc2 Rfc8 20. Qc1 b5 21. Rc6 Rxc6 22. Qxc6 Qxc6 23. dxc6 Rc8 24. Bxa7 Rxc6 25. Rxb5 Rc7 26. Be3 h5 27. Kg2 e6 28. Rb1 Bf6 29. Rd1 Rb7 30. h3 Kg7 1/2-1/2

[Event "BUL-chT2"]
[Site "Albena"]
[Date "2011.06.03"]
[Round "2.2"]
[White "Pantev, Veselin"]
[Black "Todorov, Momchil"]
[Result "1/2-1/2"]
[WhiteElo "2381"]
[BlackElo "2212"]
[PlyCount "52"]
[EventDate "2011.06.02"]
[EventType "team-tourn"]
[EventRounds "9"]
[EventCountry "BUL"]
[SourceTitle "CBM 142 Extra"]
[Source "ChessBase"]
[SourceDate "2011.06.27"]
[SourceVersion "1"]
[SourceVersionDate "2011.06.27"]
[SourceQuality "1"]
[WhiteTeam "Blagoevgrad Victory"]
[BlackTeam "Sofia Slavia"]
[WhiteTeamCountry "BUL"]
[BlackTeamCountry "BUL"]

1. d4 Nf6 2. Nf3 g6 3. Bf4 Bg7 4. e3 d6 5. h3 0-0 6. Be2 Nbd7 7. c4 Ne4 8. Qc2 f5 9. 0-0 e5 10. Bh2 Qe7 11. dxe5 dxe5 12. Nbd2 Nxd2 13. Qxd2 Kh8 14. Rad1 Nc5 15. Qb4 b6 16. Rd2 Bb7 17. Rfd1 Rfe8 18. Qa3 a5 19. Ne1 Qe6 20. b3 Ne4 21. Rd3 Nc5 22. R3d2 Ne4 23. Rd3 Nc5 24. R3d2 Ne4 25. Rd3 Nc5 26. R3d2 Ne4 1/2-1/2

[Event "BUL-chT2"]
[Site "Albena"]
[Date "2011.06.02"]
[Round "1.5"]
[White "Todorov, Momchil"]
[Black "Nenkov, Ljudmil"]
[Result "1-0"]
[WhiteElo "2212"]
[BlackElo "2294"]
[PlyCount "40"]
[EventDate "2011.06.02"]
[EventType "team-tourn"]
[EventRounds "9"]
[EventCountry "BUL"]
[SourceTitle "CBM 142 Extra"]
[Source "ChessBase"]
[SourceDate "2011.06.27"]
[SourceVersion "1"]
[SourceVersionDate "2011.06.27"]
[SourceQuality "1"]
[WhiteTeam "Sofia Slavia"]
[BlackTeam "Pernik Yuriy Benderev"]
[WhiteTeamCountry "BUL"]
[BlackTeamCountry "BUL"]

1. e4 c6 2. d4 d5 3. Nc3 b5 4. a3 dxe4 5. Nxe4 Nf6 6. Nxf6+ exf6 7. c3 Bd6 8. Bd3 0-0 9. Qc2 h6 10. Ne2 Qc7 11. h3 Nd7 12. 0-0 Rb8 13. Ng3 c5 14. Nf5 Bb7 15. Bxh6 gxh6 16. Qe2 Kh8 17. Qh5 Bh2+ 18. Kh1 Bxg2+ 19. Kxg2 Rg8+ 20. Kh1 Rg6 1-0

[Event "Plovdiv Bulgarian op 33rd"]
[Site "Plovdiv"]
[Date "2011.02.03"]
[Round "6"]
[White "Dimitrov, Radoslav"]
[Black "Todorov, Momchil"]
[Result "1/2-1/2"]
[WhiteElo "2409"]
[BlackElo "2190"]
[PlyCount "84"]
[EventDate "2011.01.30"]
[EventType "swiss"]
[EventRounds "9"]
[EventCountry "BUL"]
[SourceTitle "CBM 140 Extra"]
[Source "ChessBase"]
[SourceDate "2011.03.01"]
[SourceVersion "1"]
[SourceVersionDate "2011.03.01"]
[SourceQuality "1"]

1. c4 e5 2. Nc3 Nf6 3. g3 d5 4. cxd5 Nxd5 5. Bg2 Nb6 6. Nf3 Nc6 7. 0-0 Be7 8. d3 0-0 9. b3 f5 10. b4 Bf6 11. e4 Kh8 12. b5 Nd4 13. Nxd4 Qxd4 14. Qc2 Rd8 15. Rd1 f4 16. Bb2 Bg4 17. Nd5 Bxd1 18. Rxd1 Qa4 19. Qxa4 Nxa4 20. Ba1 fxg3 21. hxg3 c6 22. bxc6 bxc6 23. Nxf6 gxf6 24. f4 Rab8 25. fxe5 Nb2 26. Bxb2 Rxb2 27. exf6 Kg8 28. Bf3 Kf7 29. e5 Ke6 30. d4 Rg8 31. Bxc6 Rxg3+ 32. Kf1 Rg4 33. Rd3 Rf4+ 34. Kg1 Rb4 35. d5+ Kxe5 36. d6 Rb8 37. d7 Rd8 38. Re3+ Kd6 39. Re8 Kc7 40. Re6 Rg8+ 41. Bg2 Kxd7 42. Re7+ Kd6 1/2-1/2

[Event "Plovdiv Bulgarian op 33rd"]
[Site "Plovdiv"]
[Date "2011.02.02"]
[Round "5"]
[White "Petrov, Marian"]
[Black "Todorov, Momchil"]
[Result "1/2-1/2"]
[WhiteElo "2535"]
[BlackElo "2190"]
[PlyCount "118"]
[EventDate "2011.01.30"]
[EventType "swiss"]
[EventRounds "9"]
[EventCountry "BUL"]
[SourceTitle "CBM 140 Extra"]
[Source "ChessBase"]
[SourceDate "2011.03.01"]
[SourceVersion "1"]
[SourceVersionDate "2011.03.01"]
[SourceQuality "1"]

1. e4 c6 2. d4 d5 3. Nc3 dxe4 4. Nxe4 Bf5 5. Ng3 Bg6 6. h4 h6 7. Nf3 Nd7 8. Bd3 Bxd3 9. Qxd3 e6 10. Bd2 Ngf6 11. 0-0-0 Be7 12. Qe2 c5 13. Rhe1 0-0 14. Nf5 Re8 15. Nxe7+ Qxe7 16. Kb1 b5 17. Qxb5 Rab8 18. Qd3 Rec8 19. Ne5 Nxe5 20. dxe5 c4 21. Qg3 Ne4 22. Rxe4 Qb7 23. Bc1 Qxe4 24. Bxh6 g6 25. f3 Qb7 26. Bc1 Rd8 27. Rxd8+ Rxd8 28. h5 c3 29. hxg6 Rd1 30. gxf7+ Kxf7 31. Qf4+ Ke8 32. Qa4+ Qd7 33. Qxd7+ Kxd7 34. g4 Kc6 35. bxc3 Kd5 36. f4 Rg1 37. g5 Kc4 38. Kb2 a6 39. Be3 Re1 40. Bd2 Rd1 41. Be3 Re1 42. Bd4 Rf1 43. Ka3 Rxf4 44. Ka4 Rg4 45. Ka5 Rxg5 46. Kxa6 Rg2 47. a4 Rxc2 48. a5 Ra2 49. Kb6 Rb2+ 50. Kc6 Ra2 51. Bb6 Kxc3 52. Kb5 Kd3 53. a6 Rb2+ 54. Kc6 Ra2 55. Kb7 Ke4 56. Bc7 Rb2+ 57. Kc6 Ra2 58. Kb7 Rb2+ 59. Kc8 Ra2 1/2-1/2

[Event "Bansko op"]
[Site "Bansko"]
[Date "2010.12.19"]
[Round "9"]
[White "Velikov, Georgi"]
[Black "Todorov, Momchil"]
[Result "0-1"]
[WhiteElo "1737"]
[BlackElo "2205"]
[PlyCount "52"]
[EventDate "2010.12.13"]
[EventType "swiss"]
[EventRounds "9"]
[EventCountry "BUL"]
[SourceTitle "CBM 139 Extra"]
[Source "ChessBase"]
[SourceDate "2011.01.05"]
[SourceVersion "1"]
[SourceVersionDate "2011.01.05"]
[SourceQuality "1"]

1. d4 Nf6 2. c4 g6 3. Nc3 d5 4. Bg5 Bg7 5. cxd5 Nxd5 6. e4 Nxc3 7. bxc3 c5 8. Nf3 0-0 9. Bc4 Nc6 10. Be3 Bg4 11. e5 cxd4 12. cxd4 Qd7 13. Qd2 Rad8 14. Rd1 Bxf3 15. gxf3 Qh3 16. Ke2 Nxe5 17. dxe5 Rxd2+ 18. Rxd2 Bxe5 19. Bxa7 Rc8 20. Bb3 Kg7 21. Rhd1 Rc7 22. Rd5 Bf6 23. R5d3 Qxh2 24. Bb8 Bh4 25. Rf1 Qe5+ 26. Kd1 Bg5 0-1

[Event "Belogradchik op"]
[Site "Belogradchik"]
[Date "2010.09.09"]
[Round "5"]
[White "Todorov, Momchil"]
[Black "Andreev, Stanislav"]
[Result "1/2-1/2"]
[WhiteElo "2219"]
[BlackElo "2156"]
[PlyCount "67"]
[EventDate "2010.09.06"]
[EventType "swiss"]
[EventRounds "5"]
[EventCountry "BUL"]
[SourceTitle "CBM 138 Extra"]
[Source "ChessBase"]
[SourceDate "2010.10.29"]
[SourceVersion "1"]
[SourceVersionDate "2010.10.29"]
[SourceQuality "1"]

1. e4 c6 2. d4 d5 3. Nc3 dxe4 4. Nxe4 Nd7 5. Ng5 Ngf6 6. Bd3 e6 7. N1f3 Bd6 8. Qe2 h6 9. Ne4 Nxe4 10. Qxe4 Nf6 11. Qe2 Qc7 12. Bd2 b6 13. 0-0-0 Bb7 14. Ne5 0-0-0 15. f4 Kb8 16. Kb1 Rhf8 17. Rhf1 c5 18. dxc5 Bxc5 19. g4 Bd4 20. Nf3 Bc5 21. g5 Nd5 22. Ne5 Bd6 23. c4 Nb4 24. Bxb4 Bxb4 25. Be4 Bd6 26. Bxb7 Qxb7 27. Rd3 Qc7 28. Rfd1 Bxe5 29. Rxd8+ Rxd8 30. Rxd8+ Qxd8 31. Qxe5+ Kb7 32. Kc2 hxg5 33. fxg5 g6 34. Qe4+ 1/2-1/2

[Event "Belogradchik op"]
[Site "Belogradchik"]
[Date "2010.09.08"]
[Round "4"]
[White "Mladenov, Emil"]
[Black "Todorov, Momchil"]
[Result "1/2-1/2"]
[WhiteElo "2181"]
[BlackElo "2219"]
[PlyCount "75"]
[EventDate "2010.09.06"]
[EventType "swiss"]
[EventRounds "5"]
[EventCountry "BUL"]
[SourceTitle "CBM 138 Extra"]
[Source "ChessBase"]
[SourceDate "2010.10.29"]
[SourceVersion "1"]
[SourceVersionDate "2010.10.29"]
[SourceQuality "1"]

1. e4 c5 2. g3 d5 3. exd5 Qxd5 4. Nf3 Nc6 5. Bg2 Qe6+ 6. Kf1 g6 7. Nc3 Bg7 8. d3 Nf6 9. h3 0-0 10. Kg1 Rd8 11. Kh2 c4 12. Re1 Qf5 13. d4 Nb4 14. Re2 Nfd5 15. Nxd5 Nxd5 16. c3 b5 17. Ne5 Bb7 18. Qh1 Rab8 19. Ng4 Qd7 20. Bg5 f6 21. Nh6+ Kf8 22. Bd2 Nb6 23. Rae1 Bxg2 24. Qxg2 Nd5 25. a3 Bxh6 26. Bxh6+ Kg8 27. Qf3 Rb7 28. h4 Qf5 29. Qxf5 gxf5 30. Re6 Kf7 31. Rc6 Rb6 32. Ree6 Rxc6 33. Rxc6 Rb8 34. Kg2 e6 35. Bf4 Nxf4+ 36. gxf4 Rb7 37. h5 Kg7 38. Rc8 1/2-1/2

[Event "Belogradchik op"]
[Site "Belogradchik"]
[Date "2010.09.07"]
[Round "3"]
[White "Todorov, Momchil"]
[Black "Vladimirov, Vladimir"]
[Result "1-0"]
[WhiteElo "2219"]
[BlackElo "2192"]
[PlyCount "79"]
[EventDate "2010.09.06"]
[EventType "swiss"]
[EventRounds "5"]
[EventCountry "BUL"]
[SourceTitle "CBM 138 Extra"]
[Source "ChessBase"]
[SourceDate "2010.10.29"]
[SourceVersion "1"]
[SourceVersionDate "2010.10.29"]
[SourceQuality "1"]

1. d4 Nf6 2. c4 e6 3. Nf3 Bb4+ 4. Bd2 Bxd2+ 5. Qxd2 0-0 6. Nc3 d6 7. e4 Nc6 8. Be2 e5 9. d5 Ne7 10. h4 Bg4 11. Ng1 Bxe2 12. Ngxe2 Qd7 13. f3 c6 14. g4 cxd5 15. cxd5 Rfc8 16. h5 b5 17. Nd1 Rc5 18. Ne3 Rac8 19. Kf2 h6 20. Rac1 Nh7 21. b4 Rxc1 22. Rxc1 a6 23. Kg2 Kf8 24. Ng3 Rxc1 25. Qxc1 Qc8 26. Qd2 Nf6 27. Nef5 Nxf5 28. Nxf5 Qc7 29. g5 Nxh5 30. gxh6 Kg8 31. hxg7 Nf4+ 32. Kg3 Qd8 33. Qh2 Qg5+ 34. Kf2 Ng6 35. Qh6 Qd8 36. Kg3 Qf6 37. Kg4 Qd8 38. Qg5 Qb6 39. Qc1 Kh7 40. Qh6+ 1-0

[Event "Belogradchik op"]
[Site "Belogradchik"]
[Date "2010.09.06"]
[Round "1"]
[White "Todorov, Momchil"]
[Black "Ivanova, Simoneta"]
[Result "1-0"]
[WhiteElo "2219"]
[BlackElo "1827"]
[PlyCount "69"]
[EventDate "2010.09.06"]
[EventType "swiss"]
[EventRounds "5"]
[EventCountry "BUL"]
[SourceTitle "CBM 138 Extra"]
[Source "ChessBase"]
[SourceDate "2010.10.29"]
[SourceVersion "1"]
[SourceVersionDate "2010.10.29"]
[SourceQuality "1"]

1. d4 Nf6 2. c4 c5 3. d5 b5 4. cxb5 a6 5. bxa6 g6 6. Nc3 Bxa6 7. g3 d6 8. Bg2 Bg7 9. Nf3 Nbd7 10. Rb1 Nb6 11. b3 0-0 12. 0-0 Bb7 13. e4 Nfd7 14. Qc2 Qb8 15. a4 Ne5 16. Nxe5 Bxe5 17. Bh6 Rd8 18. f4 Bd4+ 19. Kh1 Ba6 20. Rfd1 Ra7 21. b4 Qc8 22. Nb5 Bxb5 23. axb5 Qa8 24. bxc5 dxc5 25. Rd2 Ra3 26. f5 Qa5 27. fxg6 hxg6 28. Bg5 Rd7 29. Re2 c4 30. e5 Nxd5 31. e6 Rd6 32. exf7+ Kxf7 33. Bxd5+ Rxd5 34. Rxe7+ Kf8 35. Qxg6 1-0